Balística Manual (Registro nro. 2897)
[ vista simple ]
| 000 -Cabecera | |
|---|---|
| Campo de control de longitud fija | 00979aam a2200361 4500 |
| 005 - Fecha y hora de la última transacción | |
| Campo de control | 20251117192136.0 |
| 008 - Elementos de longitud fija--Información general | |
| Campo de control de longitud fija | 150303b2011 xxu||||| |||| 00| 0 spa d |
| 020 ## - International Standard Book Number | |
| Número Internacional Estándar del Libro (ISBN) | 9789974578937 |
| 041 ## - Idioma | |
| Código de idioma | Español |
| 082 ## - Clasificación Decimal Dewey | |
| Número de clasificación | 363.256.2 F387b2 |
| 100 ## - Entrada principal--Autor personal | |
| Nombre personal | Ferreyro, María Fernanda |
| 9 (RLIN) | 5195 |
| 245 ## - Título propiamente dicho | |
| Título | Balística Manual |
| 250 ## - Edición | |
| Mención de edición | 2 edición |
| 260 ## - Pie de imprenta | |
| Lugar de publicación, distribución, etc. | Argentina |
| 260 ## - Pie de imprenta | |
| Nombre del editor, distribuidor, etc. | B de F |
| 260 ## - Pie de imprenta | |
| Fecha de publicación, distribución, etc. | 2011 |
| 300 ## - Descripción física | |
| Extensión | 276 páginas |
| 490 ## - Serie | |
| Título de la Serie | Investigación Criminal |
| 650 ## - Materia general | |
| Temática (materia general) | BALÍSTICA |
| 650 ## - Materia general | |
| Temática (materia general) | PERITAJES BALÍSTICOS |
| 650 ## - Materia general | |
| Temática (materia general) | BALÍSTICA EXTERIOR |
| 650 ## - Materia general | |
| Temática (materia general) | BALÍSTICA DE EFECTOS |
| 650 ## - Materia general | |
| Temática (materia general) | FUNCIONAMIENTO DE ARMAS |
| 650 ## - Materia general | |
| Temática (materia general) | IDONEIDAD DE LA MUNICIÓN |
| 650 ## - Materia general | |
| Temática (materia general) | IDENTIFICACIÓN BALISTICO |
| 650 ## - Materia general | |
| Temática (materia general) | HUELLAS DE FRACCIÓN |
| 650 ## - Materia general | |
| Temática (materia general) | ARMA BLANCA |
| 650 ## - Materia general | |
| Temática (materia general) | POLIGONOS DE TIRO |
| 650 ## - Materia general | |
| Temática (materia general) | PERITACIONES SOBRE SONIDO |
| 650 ## - Materia general | |
| Temática (materia general) | COMPONENTES DEL DISPARO |
| 650 ## - Materia general | |
| Temática (materia general) | DISPÁROS ACCIDENTALES |
| 942 ## - Punto de acceso adicional KOHA | |
| Tipo de ítem KOHA | Libro |
| Fuente del sistema de clasificación o colocación | Dewey Decimal Classification |
| Signatura completa | Código de barras | Programa Académico | Tipo de ítem |
|---|---|---|---|
| 363.256 2 F387b | 18534 | Investigación Criminal | Libro |
| 363.256 2 F387b | 16333 | Investigación Criminal | Libro |